00907cam a2200229 4500001001100000008004100011020001800052035001500070050002100085245006600106260005900172300002100231440004300252500001500295500001000310504002700320700003600347942001300383999001900396952013100415952013100546BUCI000341 1994 a spa  a968-16-4363-1 aBUCI000341 4aQE26.2bC53 1994 0aCiencias de la tierra hoy /ccomp. Servando de la cruz-Reyna- aMéxico :bUNAM : Fondo de Cultura Económica,c1994 a205 p. ;c23 cm. 0aEdiciones Científicas Universitarias a1 ejemplar aFomes aIncluye bibliografía1 aCruz-Reyna, Servando de,ecomp. 2lcccLIB c105614d105614 102lcc4070aUCIHbUCIHcGENERALd2023-04-25f1a.kCNEl0oQE26.2 C54 1994pBCU000022104r2023-04-25 00:00:00tC:2v1.00yLIB 102lcc4070aUCIHbUCIHcGENERALd2023-04-25f1a.kCNEl0oQE26.2 C54 1994pBCU000022105r2023-04-25 00:00:00tC:1v1.00yLIB